000
00264nam a22001217a 4500
008
180104b xxu||||| |||| 00| 0 eng d
041
_a
eng
080
_a
902
100
_a
45
101
_a
ARK
245
_a
JAMESTOWN REDISCOVERY III
_c
KELSO,W.M
942
_2
udc
_c
BK
999
_c
39726
_d
39726